Effects of drinking water temperature on respiration rates, body temperatures, dry matter intake, and milk production in lactating Holstein cows in summer /

Bibliographic Details
Main Author: Milam, Kyle Zohn, 1959-
Format: Thesis eBook
Language:English
Published: [Place of publication not identified] : [publisher not identified] ; 1985.
Subjects:
Online Access:Link to OAKTrust copy

MARC

Tag First Indicator Second Indicator Subfields
LEADER 00000cam a2200000 a 4500
001 in00000007487
005 20220103114932.0
007 cr unu a
008 880226s1985 xx a b 00010 eng d
035 |9 AAA1982AM 
035 |a (OCoLC)17543594 
040 |a TXA  |c TXA  |d UtOrBLW 
049 |a TXAZ [Also in] [Archives]  |c 1 [A08511688], 2 [A08511696] 
099 |a 1985  |a Thesis  |a M637 
100 1 |a Milam, Kyle Zohn,  |d  1959- 
245 1 0 |a Effects of drinking water temperature on respiration rates, body temperatures, dry matter intake, and milk production in lactating Holstein cows in summer /  |c by Kyle Zohn Milam. 
264 1 |a [Place of publication not identified] :  |b [publisher not identified] ;  |c 1985. 
300 |a viii, 50 leaves :  |b illustrations ;  |c 29 cm. 
336 |a text  |b txt  |2 rdacontent 
337 |a computer  |b c  |2 rdamedia 
338 |a online resource  |b cr  |2 rdacarrier 
500 |a "Major subject: Nutrition." 
500 |a Typescript (photocopy). 
500 |a Vita. 
502 |b M.S.  |c Texas A&M University  |d 1985. 
504 |a Bibliography: leaves 46-49. 
530 |a Also available online. 
650 0 |a Holstein-Friesian cattle. 
650 0 |a Water  |x Physiological effect. 
650 4 |a Major nutrition. 
856 4 1 |u https://hdl.handle.net/1969.1/ETD-TAMU-1985-THESIS-M637  |z Link to OAKTrust copy  |t 0 
999 |a MARS 
999 f f |s ceb0f6d4-cbf0-3b74-89e0-dd5975489091  |i abfa2ff9-6f5b-3e84-8863-f357506f5c9b  |t 0 
952 f f |p noncirc  |a Texas A&M University  |b J.J. Pickle Campus  |c High Density Repository  |s HDR  |d Remote Storage  |t 0  |e 1985 Thesis M637  |h Other scheme  |i computer -- online resource  |m A14840934173 
952 f f |a Texas A&M University  |b College Station  |c Electronic Resources  |s www_evans  |d Available Online  |t 0  |e 1985 Thesis M637  |h Other scheme 
998 f f |a 1985 Thesis M637  |t 0  |l Remote Storage 
998 f f |a 1985 Thesis M637  |t 0  |l Available Online